Tolède - Choix multiples - Statistiques

Statistiques générales
  • Ce quiz a été pris 8 fois
  • Le résultat moyen est 6 sur 10
Statistiques - réponses
Question Réponse % Correct
Dans quelle communauté autonome d'Espagne se situe Tolède ? La Castille-La Manche
88%
Comment nomme-t-on l'immense bâtisse qui domine la ville de Tolède ? L'Alcazar de Tolède
75%
Quel parc à thèmes français à servi de modèle à un parc à thèmes du même nom situé à Tolède ? Le Puy du fou
75%
Pour la production de quelle arme, parmi les suivantes, la ville de Tolède est-elle mondialement connue ? Le sabre
63%
Quel personnage des aventures de Tintin vend un lot des armes précédentes en partie produites à Tolède ? Le Senhor Oliveira da Figueira
63%
Quel fleuve arrose Tolède ? Le Tage
63%
Reconnaissez-vous l'édifice précédent sur l'une des images suivantes ?
50%
Quel artiste-peintre a été accueilli à Tolède au milieu de sa vie ? El Greco
50%
Quel coureur cycliste était surnommé "L'Aigle de Tolède" ? Federico Bahamontes
50%
Quelle douceur à base d'amandes mélangées à du blanc d'œuf et du sucre, est une spécialité de la ville de Tolède ? Le massepain
50%
Aucun quiz correspondant
Distribution des résultats
% des personnes avec chaque résultat
Percentile par nombre de réponses
Votre historique - résultats
Vous n’avez pas pris ce quiz